[Event "Logumkloster op"]
[Site "Logumkloster"]
[Date "2019.04.23"]
[Round "3"]
[White "Trane, Kim Juul"]
[Black "Madsen, Nis H"]
[Result "1-0"]
[WhiteElo "1653"]
[BlackElo "1600"]
[PlyCount "101"]
[EventDate "2019.03.26"]
[EventType "swiss"]
[EventRounds "7"]
[EventCountry "DEN"]
[SourceTitle "EXT 2020"]
[Source "ChessBase"]
[SourceDate "2019.10.17"]
[SourceVersion "1"]
[SourceVersionDate "2019.10.17"]
[SourceQuality "1"]

1. d4 d5 2. Bf4 Bf5 3. e3 e6 4. a3 a6 5. Ne2 Bd6 6. Bxd6 Qxd6 7. Ng3 Bg6 8. Be2 Nf6 9. Nd2 b5 10. 0-0 0-0 11. f4 c5 12. c3 Nbd7 13. Nf3 Ne4 14. Nxe4 Bxe4 15. Nd2 Nf6 16. Nb3 cxd4 17. cxd4 Rac8 18. Nc5 Nd7 19. b4 Nxc5 20. bxc5 Qc6 21. Qd2 Rb8 22. g4 f6 23. Bd3 Bxd3 24. Qxd3 e5 25. Rfe1 e4 26. Qf1 h6 27. f5 Rf7 28. Reb1 Rfb7 29. Rb2 Rc8 30. Rab1 Qe8 31. a4 Rcb8 32. axb5 axb5 33. Ra2 Qc6 34. Rb4 Kh7 35. Qa1 Qc7 36. Ra6 Qd8 37. Ra7 Qc7 38. Rxb7 Rxb7 39. Qa6 Qb8 40. Kg2 g6 41. Qxf6 Rg7 42. h3 gxf5 43. Qxf5+ Rg6 44. Qxd5 Qa7 45. Qxe4 Qa2+ 46. Kg3 Qd2 47. Rb3 Qe1+ 48. Kh2 Qf2+ 49. Qg2 Qf7 50. Rxb5 Rf6 51. Rb7 1-0

[Event "Grenzturnering 1617"]
[Site "Denmark"]
[Date "2017.05.01"]
[Round "8"]
[White "Madsen, Nis H"]
[Black "Falsig, Niels"]
[Result "1-0"]
[WhiteElo "1500"]
[BlackElo "1705"]
[PlyCount "61"]
[EventDate "2016.09.27"]
[EventType "swiss"]
[EventRounds "9"]
[EventCountry "DEN"]
[SourceTitle "EXT 2023"]
[Source "ChessBase"]
[SourceDate "2022.10.05"]
[SourceVersion "1"]
[SourceVersionDate "2022.10.05"]
[SourceQuality "1"]

1. e4 c5 2. Bc4 Nc6 3. c3 Nf6 4. d3 g6 5. Bg5 Bg7 6. Nf3 0-0 7. h3 h6 8. Bxf6 Bxf6 9. 0-0 e6 10. d4 cxd4 11. cxd4 Qb6 12. e5 Qxb2 13. exf6 Qxa1 14. Qd2 Kh7 15. Nc3 Qxf1+ 16. Kxf1 d5 17. Bb3 b6 18. Ne5 Nxe5 19. dxe5 Ba6+ 20. Kg1 Rac8 21. Ne2 Bxe2 22. Qxe2 d4 23. Bc4 Rc5 24. h4 Rfc8 25. Bd3 Rg8 26. h5 Rc7 27. hxg6+ fxg6 28. Qf3 Rf7 29. g4 Rc8 30. g5 Rc5 31. Qe4 1-0

[Event "Grenzturnering 1617"]
[Site "Denmark"]
[Date "2017.03.21"]
[Round "7"]
[White "Madsen, Nis H"]
[Black "Jensen, Jakob Kamp"]
[Result "0-1"]
[WhiteElo "1500"]
[BlackElo "1842"]
[PlyCount "88"]
[EventDate "2016.09.27"]
[EventType "swiss"]
[EventRounds "9"]
[EventCountry "DEN"]
[SourceTitle "EXT 2023"]
[Source "ChessBase"]
[SourceDate "2022.10.05"]
[SourceVersion "1"]
[SourceVersionDate "2022.10.05"]
[SourceQuality "1"]

1. e4 c6 2. d4 d5 3. e5 Bf5 4. Bd3 Bxd3 5. Qxd3 e6 6. Nf3 c5 7. c3 Nc6 8. Be3 Qb6 9. b3 Rc8 10. Nbd2 cxd4 11. Nxd4 Nxe5 12. Qc2 Bc5 13. 0-0 Bxd4 14. Bxd4 Qxd4 15. cxd4 Rxc2 16. dxe5 Rxd2 17. Rfc1 Kd7 18. Rc3 Ne7 19. Rac1 Rc8 20. Rxc8 Nxc8 21. Ra1 f6 22. f4 fxe5 23. fxe5 Rc2 24. a4 Ne7 25. Rf1 Ke8 26. Rf3 Ng6 27. g3 Ke7 28. Re3 d4 29. Re4 d3 30. Kf1 Rxh2 31. Ke1 Re2+ 32. Rxe2 dxe2 33. Kxe2 Nxe5 34. Ke3 Kf6 35. Ke4 h5 36. a5 g5 37. Ke3 Kf5 38. b4 Kg4 39. Kf2 Nd3+ 40. Kg2 Nxb4 41. Kh2 b6 42. axb6 axb6 43. Kg2 Nd3 44. Kh2 b5 0-1

[Event "DEN-ch Seniors 65+"]
[Site "Logumkloster"]
[Date "2017.02.14"]
[Round "3"]
[White "Madsen, Nis H"]
[Black "Jensen, Hans Askov"]
[Result "1-0"]
[WhiteElo "1580"]
[BlackElo "1540"]
[PlyCount "85"]
[EventDate "2017.02.12"]
[EventType "swiss"]
[EventRounds "7"]
[EventCountry "DEN"]
[SourceTitle "EXT 2018"]
[Source "ChessBase"]
[SourceDate "2017.10.13"]
[SourceVersion "1"]
[SourceVersionDate "2017.10.13"]
[SourceQuality "1"]

1. e4 e5 2. Nf3 Nc6 3. Bc4 Bc5 4. c3 Nf6 5. d3 0-0 6. 0-0 d6 7. h3 Be6 8. Bb3 h6 9. Bxe6 fxe6 10. Qb3 Qc8 11. Be3 Bb6 12. Nbd2 d5 13. Bxb6 axb6 14. exd5 exd5 15. Rfe1 Re8 16. Ne4 Nxe4 17. dxe4 Qd7 18. exd5 Na5 19. Qd1 e4 20. Nh2 Re5 21. Qd4 Rae8 22. b4 Nb3 23. axb3 Rxd5 24. Qc4 b5 25. Qe2 c6 26. c4 Rd2 27. Qh5 Re6 28. Ng4 bxc4 29. bxc4 Qd4 30. Ne3 Rf6 31. Rad1 Rfxf2 32. Rxd2 Qxd2 33. Qd1 Qb2 34. Qb1 Qd2 35. Qc1 Qa2 36. c5 Rb2 37. Qc4+ Kh8 38. Qxa2 Rxa2 39. Nf5 g6 40. Nxh6 Kg7 41. Ng4 e3 42. Rxe3 Rb2 43. Re7+ 1-0

[Event "DEN-ch Seniors 65+"]
[Site "Logumkloster"]
[Date "2017.02.12"]
[Round "1"]
[White "Madsen, Nis H"]
[Black "Stald, Flemming"]
[Result "0-1"]
[WhiteElo "1580"]
[BlackElo "1945"]
[PlyCount "108"]
[EventDate "2017.02.12"]
[EventType "swiss"]
[EventRounds "7"]
[EventCountry "DEN"]
[SourceTitle "EXT 2018"]
[Source "ChessBase"]
[SourceDate "2017.10.13"]
[SourceVersion "1"]
[SourceVersionDate "2017.10.13"]
[SourceQuality "1"]

1. e4 e6 2. Bc4 c5 3. c3 Nc6 4. Nf3 Be7 5. d4 cxd4 6. cxd4 d5 7. exd5 exd5 8. Bb5 Bd7 9. 0-0 Nf6 10. Bg5 0-0 11. Bxc6 Bxc6 12. Nc3 h6 13. Bxf6 Bxf6 14. Rc1 Re8 15. Re1 Qd6 16. Qd3 a6 17. a3 Rad8 18. b4 Bd7 19. h3 g5 20. Nh2 Be6 21. Ne2 Qb6 22. Rcd1 Rc8 23. Rc1 Rxc1 24. Rxc1 Bd7 25. Ng4 Bg7 26. Rc5 Bb5 27. Qf5 Bxe2 28. Rc8 Bb5 29. Rxe8+ Bxe8 30. Qxd5 Qc6 31. Qd8 Qd7 32. Nf6+ Bxf6 33. Qxf6 Qe6 34. Qd8 Kg7 35. Qb8 Bc6 36. Qg3 Qe4 37. h4 g4 38. f3 Qxd4+ 39. Kh2 h5 40. fxg4 hxg4 41. h5 Qe4 42. Qf2 Kh6 43. Qf6+ Kxh5 44. Qxf7+ Kg5 45. Qg7+ Kf5 46. Qf7+ Ke5 47. Qe7+ Kf4 48. Qf6+ Ke3 49. Qc3+ Qd3 50. Qe1+ Kd4 51. Qf2+ Kc4 52. Qa2+ Kb5 53. Qe6 g3+ 54. Kh3 Bd7 0-1

[Event "Grenzturnering 1617"]
[Site "Denmark"]
[Date "2016.10.24"]
[Round "2"]
[White "Millgramm, Stephan"]
[Black "Madsen, Nis H"]
[Result "1/2-1/2"]
[WhiteElo "1800"]
[BlackElo "1500"]
[PlyCount "89"]
[EventDate "2016.09.27"]
[EventType "swiss"]
[EventRounds "9"]
[EventCountry "DEN"]
[SourceTitle "EXT 2023"]
[Source "ChessBase"]
[SourceDate "2022.10.05"]
[SourceVersion "1"]
[SourceVersionDate "2022.10.05"]
[SourceQuality "1"]

1. e4 e5 2. Nf3 Nc6 3. Bb5 d6 4. d3 Bg4 5. h3 Be6 6. c4 Be7 7. Nc3 Nf6 8. Nd5 0-0 9. Nxe7+ Nxe7 10. Bg5 Ng6 11. Nh4 c6 12. Ba4 Qa5+ 13. Bd2 Qb6 14. Nf3 d5 15. cxd5 cxd5 16. Qe2 dxe4 17. dxe4 Rac8 18. b3 Rc2 19. Qd3 Qc7 20. 0-0 Rd8 21. Qe3 a6 22. b4 Rxa2 23. Rxa2 Bxa2 24. Rc1 Qd6 25. Bc3 b5 26. Bc2 Qc7 27. Bd3 Bc4 28. Bxc4 Qxc4 29. Nd2 Qa2 30. Ra1 Qc2 31. Rxa6 Rd3 32. Ra8+ Nf8 33. Rxf8+ Kxf8 34. Qc5+ Ke8 35. Qxe5+ Kd8 36. Qb8+ Ke7 37. Qe5+ Kd7 38. Qxb5+ Ke7 39. Qe5+ Kd7 40. Qb5+ Kd8 41. Qb8+ Ke7 42. Qe5+ Kf8 43. Qc5+ Ke8 44. Qe5+ Kd7 45. Qb5+ 1/2-1/2

[Event "Grenzturnering Basis 1516"]
[Site "Denmark"]
[Date "2015.12.08"]
[Round "3"]
[White "Madsen, Nis H"]
[Black "Maas, Ralf"]
[Result "1/2-1/2"]
[WhiteElo "1342"]
[BlackElo "1268"]
[PlyCount "54"]
[EventDate "2015.10.20"]
[EventType "tourn"]
[EventRounds "9"]
[EventCountry "DEN"]
[SourceTitle "EXT 2023"]
[Source "ChessBase"]
[SourceDate "2022.10.05"]
[SourceVersion "1"]
[SourceVersionDate "2022.10.05"]
[SourceQuality "1"]

1. e4 e5 2. Nf3 Nf6 3. Nc3 Nc6 4. Bc4 Bc5 5. d3 d6 6. Bg5 h6 7. Bh4 g5 8. Bg3 Na5 9. Bb3 Bg4 10. h3 Bh5 11. Nd5 Nxb3 12. axb3 Nxd5 13. exd5 f5 14. Qd2 Bxf3 15. gxf3 Qe7 16. 0-0-0 a5 17. f4 Kd7 18. fxe5 dxe5 19. Rde1 f4 20. Bh2 a4 21. bxa4 Rxa4 22. Qe2 Ra1+ 23. Kd2 Bb4+ 24. c3 Bxc3+ 25. Kxc3 Qc5+ 26. Kd2 Qb4+ 27. Kc2 Qc5+ 1/2-1/2

[Event "Grenzturnering Basis 1516"]
[Site "Denmark"]
[Date "2015.10.20"]
[Round "1"]
[White "Svendsen, Gunnar Lind Hasse"]
[Black "Madsen, Nis H"]
[Result "1/2-1/2"]
[WhiteElo "1534"]
[BlackElo "1342"]
[PlyCount "66"]
[EventDate "2015.10.20"]
[EventType "tourn"]
[EventRounds "9"]
[EventCountry "DEN"]
[SourceTitle "EXT 2023"]
[Source "ChessBase"]
[SourceDate "2022.10.05"]
[SourceVersion "1"]
[SourceVersionDate "2022.10.05"]
[SourceQuality "1"]

1. c4 b6 2. d4 e6 3. e4 Bb7 4. d5 exd5 5. exd5 Nf6 6. Nf3 d6 7. Nc3 g6 8. Be2 Bg7 9. 0-0 0-0 10. Bg5 Nbd7 11. Re1 Re8 12. Bd3 Qc8 13. Qd2 c6 14. Rxe8+ Qxe8 15. Re1 Qc8 16. dxc6 Qxc6 17. Bf1 a6 18. Nd4 Qc7 19. Bh6 Ne5 20. Bxg7 Kxg7 21. b3 Re8 22. f4 Ned7 23. Rxe8 Nxe8 24. Qe3 Nef6 25. Be2 Nc5 26. Bf3 Bxf3 27. Nxf3 Qc6 28. Qd4 Ne6 29. Qd2 Qc5+ 30. Kh1 Ng4 31. Ne4 Qf5 32. Nxd6 Qxf4 33. Qxf4 Nxf4 1/2-1/2

[Event "Grenzturnering-B 1415"]
[Site "Denmark"]
[Date "2015.02.24"]
[Round "5"]
[White "Sorensen, Helge"]
[Black "Madsen, Nis H"]
[Result "1-0"]
[WhiteElo "1636"]
[BlackElo "1472"]
[PlyCount "57"]
[EventDate "2014.09.23"]
[EventType "swiss"]
[EventRounds "7"]
[EventCountry "DEN"]
[SourceTitle "EXT 2023"]
[Source "ChessBase"]
[SourceDate "2022.10.05"]
[SourceVersion "1"]
[SourceVersionDate "2022.10.05"]
[SourceQuality "1"]

1. e4 e5 2. Nc3 Nc6 3. f4 Bc5 4. Nf3 d6 5. Bb5 Bg4 6. d3 Nf6 7. Qe2 0-0 8. Bxc6 bxc6 9. Be3 Bb4 10. 0-0 Bxc3 11. bxc3 exf4 12. Bxf4 Re8 13. h3 Bxf3 14. Qxf3 h6 15. Bxh6 Re6 16. Bg5 Qd7 17. Qg3 Nh5 18. Qh4 g6 19. g4 Ng7 20. Bf6 Qe8 21. Rab1 Rb8 22. Rxb8 Qxb8 23. Qh6 Qf8 24. g5 d5 25. Rb1 Re8 26. e5 a6 27. Rb4 Qc5+ 28. Rd4 Qf8 29. Rh4 1-0

[Event "Logumkloster-chA"]
[Site "Logumkloster"]
[Date "2014.05.13"]
[Round "5"]
[White "Posselt, Karl"]
[Black "Madsen, Nis H"]
[Result "1-0"]
[WhiteElo "1609"]
[BlackElo "1585"]
[PlyCount "51"]
[EventDate "2014.03.18"]
[EventType "tourn"]
[EventRounds "5"]
[EventCountry "DEN"]
[SourceTitle "EXT 2023"]
[Source "ChessBase"]
[SourceDate "2022.10.05"]
[SourceVersion "1"]
[SourceVersionDate "2022.10.05"]
[SourceQuality "1"]

1. f4 d5 2. Nf3 Nc6 3. b3 e6 4. e3 Nf6 5. Bb2 Bd6 6. Be2 0-0 7. 0-0 Re8 8. d4 b6 9. Ne5 Bd7 10. Nd2 Ne4 11. Rc1 a6 12. c4 Nxd2 13. Qxd2 dxc4 14. Bxc4 b5 15. Bd3 Nxe5 16. fxe5 Be7 17. Qc2 g6 18. Rf3 c6 19. Rcf1 Rf8 20. Qf2 Qe8 21. Bc1 c5 22. e4 f6 23. exf6 Bxf6 24. Rxf6 Rxf6 25. Qxf6 cxd4 26. Bh6 1-0

[Event "Logumkloster-chB"]
[Site "Logumkloster"]
[Date "2013.04.09"]
[Round "1"]
[White "Kristensen, Karl Martin"]
[Black "Madsen, Nis H"]
[Result "0-1"]
[WhiteElo "1378"]
[BlackElo "1508"]
[PlyCount "66"]
[EventDate "2013.04.09"]
[EventType "swiss"]
[EventRounds "5"]
[EventCountry "DEN"]
[SourceTitle "EXT 2023"]
[Source "ChessBase"]
[SourceDate "2022.10.05"]
[SourceVersion "1"]
[SourceVersionDate "2022.10.05"]
[SourceQuality "1"]

1. c4 b6 2. Nc3 Bb7 3. d4 e6 4. Bf4 Nf6 5. e4 Nxe4 6. Nb5 Bb4+ 7. Ke2 Bd6 8. Bxd6 Nxd6 9. Nxd6+ cxd6 10. f4 Qh4 11. Qd2 0-0 12. Nf3 Qe7 13. Kf2 d5 14. Rc1 dxc4 15. Bxc4 Bxf3 16. Kxf3 d5 17. Bd3 Nd7 18. Rc7 Ne5+ 19. fxe5 Qxc7 20. Rc1 Qe7 21. Qc2 g6 22. g4 f6 23. Kg3 fxe5 24. dxe5 Qg5 25. Re1 Qf4+ 26. Kh4 Qh6+ 27. Kg3 Rac8 28. Qa4 Qd2 29. Qd1 Qxb2 30. Re2 Qd4 31. Rd2 Qe3+ 32. Kh4 Rf3 33. Bf1 Qh6# 0-1

[Event "Logumkloster-chB"]
[Site "Logumkloster"]
[Date "2012.05.01"]
[Round "5"]
[White "Madsen, Nis H"]
[Black "Kristensen, Karl Martin"]
[Result "1-0"]
[WhiteElo "1425"]
[BlackElo "1378"]
[PlyCount "57"]
[EventDate "2012.03.27"]
[EventType "swiss"]
[EventRounds "5"]
[EventCountry "DEN"]
[SourceTitle "EXT 2023"]
[Source "ChessBase"]
[SourceDate "2022.10.05"]
[SourceVersion "1"]
[SourceVersionDate "2022.10.05"]
[SourceQuality "1"]

1. d4 d6 2. e4 g6 3. b3 Bg7 4. Bb2 a6 5. Nf3 f6 6. d5 Nh6 7. Be2 0-0 8. Nbd2 Nd7 9. Nc4 Ng4 10. Nd4 Nc5 11. Bxg4 Nxe4 12. Bxc8 Qxc8 13. Ne6 Rf7 14. 0-0 Bh6 15. Qd3 f5 16. Qd4 Rf6 17. f3 Ng5 18. Qh4 Nf7 19. Bxf6 exf6 20. Qxf6 Qd7 21. Rae1 Re8 22. f4 b5 23. Nd2 Bf8 24. Nxf8 Kxf8 25. Nf3 c6 26. Rxe8+ Qxe8 27. Re1 Qd7 28. Ng5 Kg8 29. Re7 1-0